00558nam a2200241Ia 450000500170000000800460001702000180006303700100008104000080009104000080009904000080010704100080011504100080012308400080013110000230013924500300016224500260019226000230021826000090024136500050025036500080025585600530026320260324134523.0008 260324s9999 xx 000 0 eng d a9781003173410 aEBOOK aCRL beng cCRL 2eng aeng qCRL aStephan Feuchtwang 0aPopular Religion in China 4bThe Imperial Metaphor bTaylor and Francis c2001 a b170 uhttp://www.taylorfrancis.com/books/9781003173410